000 008700000a22001090004500
100 1 _aPixley, Jorge
245 1 0 _aEl fin del mundo : Mateo 24-25
300 _aNum. 27 (1997), Páginas 82-95
520 _aUn análisis de la colocación del discurso escatológico dentro del evangelio de Mateo revela la importancia que se le atribuye. Un estudio de los contenidos del discurso muestra que Mateo ha alterado el discurso, en parte mediante la introducción de materiales de Q pero principalmente con la expansión de materiales exclusivos de Mateo. Estas alteraciones tienen el efecto de hacer de la espera de la Parusía una espera activa y de dar a la Venida del Señor el contenido específico de un Juicio sobre los hechos de justicia y misericordia hechos a las personas más necesitadas.
773 0 _tRevista de Interpretación Bíblica Latinoamericana
942 _cANA
999 _c52497
_d52497